000 00286nam a22001217a 4500
020 _a1-85534-595-1
082 _a823
_bHAM/F
100 _aHAMILTON, JUDY
245 _aTHE FOX AND THE STORK
260 _aSCOTLAND
_bTARANTULA BOOKS
650 _aENGLISH SHORT STORY
_zSCOTLAND
942 _cBK
999 _c4690
_d4690